[Event "CCT Play-in Chessable Masters 2024"]
[Site "Online"]
[Date "2024.01.31"]
[Round "9"]
[White "Ponkratov, Pavel"]
[Black "Guseinov, Gadir"]
[Result "0-1"]
[WhiteElo "2614"]
[BlackElo "2636"]
[Annotator "RC"]
[PlyCount "128"]
[EventDate "2024.01.26"]
[EventType "swiss"]
[EventCountry "NET"]
[SourceTitle "playchess.com"]
[Source "ChessBase"]
[SourceQuality "1"]

1. e4 c5 2. Nf3 e6 3. c3 Nf6 4. Bd3 d5 5. e5 Nfd7 6. Bc2 c4 7. O-O Nc6 8. Re1 Qc7 9. d4 cxd3 10. Ba4 Nc5 11. Bb5 Qb6 12. a4 a6 13. Bxc6+ bxc6 14. a5 Qb3 15. Nd4 Qxd1 16. Rxd1 Bd7 17. b4 Na4 18. Rxd3 c5 19. Nc2 cxb4 20. cxb4 Rc8 21. Nba3 Be7 22. Bd2 Nb2 23. Rg3 g6 24. b5 Bxb5 25. Bc3 Nc4 26. Nxb5 axb5 27. Rb1 Nxa5 28. Rxb5 Nc6 29. f4 O-O 30. Kf1 Ra8 31. Rb2 Rfc8 32. Ke2 Ra4 33. Rf3 Rc4 34. Ne1 Re4+ 35. Kd1 g5 36. fxg5 d4 37. Bd2 Nxe5 38. Rf4 Rxe1+ 39. Bxe1 Nd3 40. Rb7 Nxf4 41. Rxe7 Nxg2 42. Bd2 Ne3+ 43. Ke2 Nf5 44. Rd7 Kg7 45. Kd3 Ra8 46. Ke4 Ra2 47. Bf4 Re2+ 48. Kf3 Re1 49. Kg4 Kg6 50. Rd8 Kg7 51. h4 Ne3+ 52. Kh5 Nd5 53. Bd6 h6 54. Bf8+ Kh7 55. Rd7 hxg5 56. Rxf7+ Kg8 57. Rf2 gxh4 58. Bh6 Rg1 59. Bg5 e5 60. Rf5 Nf4+ 61. Kxh4 Ne6 62. Bf6 d3 63. Rf2 e4 64. Ra2 e3 0-1

[Event "CCT Play-in Chessable Masters 2024"]
[Site "Online"]
[Date "2024.01.31"]
[Round "9"]
[White "Paravyan, David"]
[Black "Saric, Ivan"]
[Result "1-0"]
[WhiteElo "2612"]
[BlackElo "2689"]
[Annotator "TA"]
[PlyCount "97"]
[EventDate "2024.01.26"]
[EventType "swiss"]
[EventCountry "NET"]
[SourceTitle "playchess.com"]
[Source "ChessBase"]
[SourceQuality "1"]

1. e4 c5 2. Nf3 Nc6 3. Bb5 e6 4. O-O Nge7 5. d4 cxd4 6. Nxd4 Ng6 7. Be3 Be7 8. c3 O-O 9. Be2 Bg5 10. Qd2 Bxe3 11. Qxe3 Qb6 12. Nd2 e5 13. Nf5 Nf4 14. Bf3 Qc7 15. g3 Ne6 16. Nc4 b5 17. Ncd6 Ba6 18. b4 g6 19. Rfd1 f6 20. a4 gxf5 21. axb5 f4 22. Qd3 Ncd4 23. cxd4 Qxd6 24. Rxa6 Qe7 25. dxe5 fxe5 26. Qxd7 Qxd7 27. Rxd7 fxg3 28. hxg3 Ng5 29. Be2 Rac8 30. Rc6 Rcd8 31. Bc4+ Kh8 32. Rxd8 Rxd8 33. Bd5 Rb8 34. Kg2 Rxb5 35. f4 exf4 36. gxf4 Nxe4 37. Bxe4 Rxb4 38. Kf3 a5 39. Ra6 a4 40. Bc2 h5 41. Rxa4 Rb2 42. Rc4 Kg7 43. Kg3 Ra2 44. Rc7+ Kf6 45. Rf7+ Kxf7 46. Bb3+ Kf6 47. Bxa2 Kf5 48. Bb1+ Kf6 49. Kh4 1-0

[Event "CCT Play-in Chessable Masters 2024"]
[Site "Online"]
[Date "2024.01.31"]
[Round "9"]
[White "Hovhannisyan, Robert"]
[Black "Petrosyan, Manuel"]
[Result "0-1"]
[WhiteElo "2611"]
[BlackElo "2627"]
[Annotator "RC"]
[PlyCount "136"]
[EventDate "2024.01.26"]
[EventType "swiss"]
[EventCountry "NET"]
[SourceTitle "playchess.com"]
[Source "ChessBase"]
[SourceQuality "1"]

1. e4 e5 2. Nf3 Nc6 3. Bb5 a6 4. Ba4 Nf6 5. O-O Be7 6. Nc3 b5 7. Bb3 d6 8. a4 b4 9. Nd5 Na5 10. Nxe7 Qxe7 11. d4 O-O 12. Bg5 Nxb3 13. cxb3 Bb7 14. dxe5 dxe5 15. Qc2 h6 16. Bxf6 Qxf6 17. Rfe1 Qe7 18. Rac1 Rac8 19. Nd2 Rfd8 20. Nc4 Rd4 21. f3 Rcd8 22. Red1 Qc5 23. Rxd4 exd4 24. Qd3 Bc8 25. Rc2 Qg5 26. Qd2 Qe7 27. Na5 d3 28. Nc6 Qd6 29. Rc4 Be6 30. e5 Qd7 31. Rc1 Re8 32. Nxb4 Qd4+ 33. Kf1 Bxb3 34. Nc6 Qd5 35. Rc3 Bxa4 36. Nb4 Qxe5 37. Nxd3 Qxh2 38. Nf4 Bb5+ 39. Kf2 Qh4+ 40. g3 Qh1 41. Re3 Rb8 42. Re1 Qh2+ 43. Ng2 Qh5 44. Qd4 Bc6 45. Re3 Qb5 46. Nf4 Qxb2+ 47. Qxb2 Rxb2+ 48. Kg1 a5 49. Rc3 Rb6 50. Nd3 Bxf3 51. Rxc7 Bd5 52. Rc5 Be4 53. Nf2 Rb1+ 54. Kh2 Rb2 55. Kg1 Bf3 56. Rxa5 Rb1+ 57. Kh2 Rf1 58. Ra2 h5 59. Kh3 g5 60. g4 Bxg4+ 61. Nxg4 Rf3+ 62. Kg2 hxg4 63. Ra5 f6 64. Ra4 Rf4 65. Ra7 Rf3 66. Ra4 Kg7 67. Rxg4 Rb3 68. Ra4 Kg6 0-1

[Event "CCT Play-in Chessable Masters 2024"]
[Site "Online"]
[Date "2024.01.31"]
[Round "9"]
[White "Martinez Alcantara, Jose Eduardo"]
[Black "Firouzja, Alireza"]
[Result "1/2-1/2"]
[WhiteElo "2610"]
[BlackElo "2759"]
[Annotator "RC"]
[PlyCount "63"]
[EventDate "2024.01.26"]
[EventType "swiss"]
[EventCountry "NET"]
[SourceTitle "playchess.com"]
[Source "ChessBase"]
[SourceQuality "1"]

1. e4 e5 2. Nf3 Nc6 3. Bb5 Nf6 4. O-O Nxe4 5. Re1 Nd6 6. Nxe5 Be7 7. Bf1 Nxe5 8. Rxe5 O-O 9. d4 Bf6 10. Re1 Re8 11. c3 Rxe1 12. Qxe1 Ne8 13. Bf4 d5 14. Bd3 g6 15. Nd2 Ng7 16. Nf3 Bf5 17. Bxf5 Nxf5 18. Qe2 c6 19. Be5 Ng7 20. Re1 Ne6 21. Bxf6 Qxf6 22. Qe5 Kg7 23. g3 Qxe5 24. Nxe5 Re8 25. Nd3 Kf8 26. Kf1 f6 27. f3 Kf7 28. Kf2 Re7 29. Re2 Re8 30. Re1 Re7 31. Re2 Re8 32. Re1 1/2-1/2

[Event "CCT Play-in Chessable Masters 2024"]
[Site "Online"]
[Date "2024.01.31"]
[Round "9"]
[White "Salgado Lopez, Ivan"]
[Black "Melkumyan, Hrant"]
[Result "1-0"]
[WhiteElo "2608"]
[BlackElo "2640"]
[Annotator "RC"]
[PlyCount "77"]
[EventDate "2024.01.26"]
[EventType "swiss"]
[EventCountry "NET"]
[SourceTitle "playchess.com"]
[Source "ChessBase"]
[SourceQuality "1"]

1. e4 c6 2. d4 d5 3. e5 Bf5 4. Bd3 Bxd3 5. Qxd3 e6 6. c3 c5 7. Ne2 Nc6 8. O-O Rc8 9. a3 Nge7 10. Nd2 Nf5 11. Nf3 h5 12. Ng3 g6 13. b4 cxd4 14. cxd4 Be7 15. Nxf5 gxf5 16. Bf4 Rg8 17. h3 Qb6 18. Rfc1 a6 19. Qd1 Kd7 20. Be3 Rg6 21. Kh1 Rcg8 22. g3 h4 23. gxh4 Rh8 24. a4 Bxh4 25. b5 Nb4 26. bxa6 Be7 27. axb7 Rxh3+ 28. Nh2 Qxb7 29. Qf1 Rh4 30. Qb5+ Qxb5 31. axb5 Bd8 32. Ra7+ Ke8 33. Rc8 Rg8 34. b6 f4 35. b7 Nc6 36. Rxc6 fxe3 37. b8=Q exf2 38. Rxe6+ fxe6 39. Qb5+ 1-0

[Event "CCT Play-in Chessable Masters 2024"]
[Site "Online"]
[Date "2024.01.31"]
[Round "9"]
[White "LastGladiator1"]
[Black "Cardoso Cardoso, Jose Gabriel"]
[Result "1-0"]
[WhiteElo "2607"]
[BlackElo "2477"]
[Annotator "RC"]
[PlyCount "61"]
[EventDate "2024.01.26"]
[EventType "swiss"]
[EventCountry "NET"]
[SourceTitle "playchess.com"]
[Source "ChessBase"]
[SourceQuality "1"]

1. e4 c5 2. Nf3 d6 3. Bb5+ Nd7 4. O-O a6 5. Be2 Ngf6 6. d3 g6 7. a4 b6 8. Nfd2 Bg7 9. f4 Bb7 10. Nc3 O-O 11. Qe1 Bc6 12. Bf3 Qc7 13. Nd5 Bxd5 14. exd5 b5 15. g4 Nb6 16. axb5 axb5 17. Rxa8 Rxa8 18. c4 b4 19. g5 Ne8 20. Bg4 Na4 21. f5 Bd4+ 22. Kg2 Nxb2 23. fxg6 hxg6 24. Bxb2 Bxb2 25. Qf2 f5 26. Bxf5 gxf5 27. Qxf5 Nf6 28. gxf6 Bxf6 29. Qg6+ Kf8 30. Ne4 Ra2+ 31. Kg3 1-0

[Event "CCT Play-in Chessable Masters 2024"]
[Site "Online"]
[Date "2024.01.31"]
[Round "9"]
[White "Dreev, Aleksey"]
[Black "stSecond"]
[Result "1/2-1/2"]
[WhiteElo "2606"]
[BlackElo "2557"]
[Annotator "RC"]
[PlyCount "95"]
[EventDate "2024.01.26"]
[EventType "swiss"]
[EventCountry "NET"]
[SourceTitle "playchess.com"]
[Source "ChessBase"]
[SourceQuality "1"]

1. d4 Nf6 2. c4 e6 3. Nc3 Bb4 4. Qc2 b6 5. e4 c5 6. d5 Qe7 7. Nge2 O-O 8. a3 Ba5 9. Bd2 exd5 10. cxd5 d6 11. Ng3 Bxc3 12. bxc3 Nxd5 13. Bd3 Nc6 14. O-O Nc7 15. f4 b5 16. e5 g6 17. exd6 Qxd6 18. f5 Rd8 19. fxg6 hxg6 20. Be4 Qxd2 21. Qxd2 Rxd2 22. Bxc6 Rb8 23. Ne4 Rc2 24. Nxc5 Rxc3 25. Rfc1 Rxc1+ 26. Rxc1 Ne6 27. Ne4 Nd4 28. Kf2 Nxc6 29. Rxc6 Bb7 30. Nf6+ Kg7 31. Rd6 a5 32. Rb6 b4 33. axb4 a4 34. Nd5 a3 35. Nc3 Rc8 36. Rxb7 Rxc3 37. Ra7 Rb3 38. b5 Kf6 39. b6 Rxb6 40. Rxa3 Kg7 41. Rd3 Rf6+ 42. Kg1 Ra6 43. Re3 Rf6 44. h3 Ra6 45. Rf3 Rf6 46. Re3 Ra6 47. Rf3 Rf6 48. Re3 1/2-1/2

[Event "CCT Play-in Chessable Masters 2024"]
[Site "Online"]
[Date "2024.01.31"]
[Round "9"]
[White "Antipov, Mikhail Al."]
[Black "DrVelja"]
[Result "1-0"]
[WhiteElo "2604"]
[BlackElo "2592"]
[Annotator "RC"]
[PlyCount "95"]
[EventDate "2024.01.26"]
[EventType "swiss"]
[EventCountry "NET"]
[SourceTitle "playchess.com"]
[Source "ChessBase"]
[SourceQuality "1"]

1. e4 c5 2. Nf3 Nc6 3. Bb5 e6 4. O-O Nge7 5. Re1 Nd4 6. Nxd4 cxd4 7. c3 a6 8. Bf1 Nc6 9. b4 Bd6 10. Na3 O-O 11. Nc2 f5 12. g3 fxe4 13. Rxe4 Qf6 14. Qe1 Bc7 15. Nxd4 d5 16. Rxe6 Bxe6 17. Qxe6+ Kh8 18. Qxf6 Rxf6 19. Nxc6 Rxc6 20. Bg2 Rd8 21. Bb2 Re6 22. Kf1 Kg8 23. a4 a5 24. Ba3 axb4 25. Bxb4 b6 26. a5 bxa5 27. Bxa5 Ra6 28. Bxc7 Rxa1+ 29. Ke2 Rd7 30. Bf4 Kf7 31. h4 Re7+ 32. Be3 Ke6 33. Kd3 Ra4 34. Bf3 Kd6 35. Bg2 Rf7 36. Ke2 Ke5 37. Bh3 h6 38. Bg2 Rb7 39. Bc5 Rb1 40. Be3 Raa1 41. Bd4+ Ke6 42. Bxg7 h5 43. Bf3 Ra7 44. Bd4 Rh7 45. Kd3 Rb8 46. Be3 Rf8 47. Bg2 Rc8 48. Bh3+ 1-0

[Event "CCT Play-in Chessable Masters 2024"]
[Site "Online"]
[Date "2024.01.31"]
[Round "9"]
[White "Safarli, Eltaj"]
[Black "Sereiaza"]
[Result "1-0"]
[WhiteElo "2604"]
[BlackElo "2588"]
[Annotator "RC"]
[PlyCount "89"]
[EventDate "2024.01.26"]
[EventType "swiss"]
[EventCountry "NET"]
[SourceTitle "playchess.com"]
[Source "ChessBase"]
[SourceQuality "1"]

1. e4 e5 2. Nf3 Nc6 3. Bb5 a6 4. Ba4 Nf6 5. Nc3 b5 6. Bb3 Be7 7. a4 b4 8. Nd5 Na5 9. Ba2 b3 10. Nxf6+ Bxf6 11. cxb3 Nc6 12. O-O O-O 13. Bb1 d6 14. Bd3 Bg4 15. h3 Bxf3 16. Qxf3 Nd4 17. Qd1 a5 18. Bc4 c6 19. b4 d5 20. exd5 cxd5 21. Bb3 Bg5 22. b5 Rc8 23. Ba2 Qd6 24. Qg4 Bf4 25. b4 f5 26. Qd1 e4 27. bxa5 Nf3+ 28. Kh1 Be5 29. Ba3 Qh6 30. Bxd5+ Kh8 31. Bxf8 Rxf8 32. Ra3 Nxd2 33. a6 Qf4 34. g3 Qh6 35. Kg2 f4 36. a7 f3+ 37. Kh2 e3 38. Rxe3 Bxg3+ 39. fxg3 Qxe3 40. a8=Q Rxa8 41. Bxa8 Nxf1+ 42. Qxf1 Qe2+ 43. Kg1 Qe3+ 44. Qf2 Qc1+ 45. Kh2 1-0

[Event "CCT Play-in Chessable Masters 2024"]
[Site "Online"]
[Date "2024.01.31"]
[Round "9"]
[White "rasmussvane"]
[Black "Bluebaum, Matthias"]
[Result "1/2-1/2"]
[WhiteElo "2604"]
[BlackElo "2655"]
[Annotator "TA"]
[PlyCount "36"]
[EventDate "2024.01.26"]
[EventType "swiss"]
[EventCountry "NET"]
[SourceTitle "playchess.com"]
[Source "ChessBase"]
[SourceQuality "1"]

1. d4 d5 2. Nf3 e6 3. c4 Nf6 4. Nc3 Bb4 5. Bg5 h6 6. Bxf6 Qxf6 7. e3 c5 8. Rc1 dxc4 9. Bxc4 cxd4 10. Nxd4 O-O 11. O-O Bd7 12. Qb3 Nc6 13. Nxc6 Bxc3 14. Rxc3 Bxc6 15. Bb5 Bd5 16. Bc4 Bc6 17. Bb5 Bd5 18. Bc4 Bc6 1/2-1/2

[Event "CCT Play-in Chessable Masters 2024"]
[Site "Online"]
[Date "2024.01.31"]
[Round "9"]
[White "Vaibhav, Suri"]
[Black "Kamsky, Gata"]
[Result "0-1"]
[WhiteElo "2596"]
[BlackElo "2623"]
[Annotator "RC"]
[PlyCount "100"]
[EventDate "2024.01.26"]
[EventType "swiss"]
[EventCountry "NET"]
[SourceTitle "playchess.com"]
[Source "ChessBase"]
[SourceQuality "1"]

1. e4 c5 2. Nf3 e6 3. d4 cxd4 4. Nxd4 a6 5. c4 Nf6 6. Nc3 d6 7. Be2 b6 8. O-O Bb7 9. f3 g6 10. Be3 Bg7 11. Qd2 O-O 12. Rfd1 Qc7 13. Rac1 Nbd7 14. Nb3 Ne8 15. Bf1 Rc8 16. Nd4 Ne5 17. b4 Ba8 18. Na4 Rb8 19. Qf2 Qd7 20. b5 Qa7 21. bxa6 Qxa6 22. Qc2 Qa5 23. Rb1 Nd7 24. Rb5 Qa7 25. Rb4 Nc7 26. Nc3 Nc5 27. Rbb1 Rfd8 28. Qf2 Ne8 29. Ncb5 Qe7 30. Rd2 Nf6 31. Re1 h6 32. Nb3 Ncxe4 33. fxe4 Nxe4 34. Qe2 Nxd2 35. Qxd2 d5 36. Qf2 dxc4 37. Bxc4 Bd5 38. Be2 Qb7 39. Rf1 e5 40. Nc3 Be6 41. Qh4 g5 42. Qb4 Rbc8 43. Na4 Rc2 44. Bf3 Bd5 45. Rd1 Qa8 46. Bxb6 Bf8 47. Qe1 Bxf3 48. gxf3 Qxf3 49. Rd2 Rdxd2 50. Nxd2 Qg4+ 0-1

[Event "CCT Play-in Chessable Masters 2024"]
[Site "Online"]
[Date "2024.01.31"]
[Round "9"]
[White "BilodeauA"]
[Black "GeorgMeier"]
[Result "1-0"]
[WhiteElo "2592"]
[BlackElo "2674"]
[Annotator "TA"]
[PlyCount "111"]
[EventDate "2024.01.26"]
[EventType "swiss"]
[EventCountry "NET"]
[SourceTitle "playchess.com"]
[Source "ChessBase"]
[SourceQuality "1"]

1. d4 e6 2. Bf4 Nf6 3. e3 d5 4. Nc3 Bd6 5. Bg5 h6 6. Bh4 Nbd7 7. Nf3 O-O 8. Bd3 b6 9. g4 g5 10. Bg3 Bxg3 11. hxg3 Nxg4 12. Ne5 Ngxe5 13. dxe5 Kg7 14. Qh5 Rh8 15. f4 Nc5 16. O-O-O Qe7 17. Rdf1 Bd7 18. g4 Rag8 19. Be2 Kf8 20. Qh2 gxf4 21. exf4 Ke8 22. Bf3 Kd8 23. f5 Qg5+ 24. Kb1 Kc8 25. Qe2 Kb8 26. Rh5 Qg7 27. Rfh1 d4 28. f6 Qg6 29. Nd1 d3 30. cxd3 Bb5 31. Nf2 Rd8 32. Ka1 Rhg8 33. Rxh6 Qg5 34. R6h5 Qf4 35. Rd1 Rd4 36. Bh1 Rgd8 37. Rh3 a5 38. Rf3 Qh6 39. Qf1 a4 40. Rh3 Qf4 41. Qg2 c6 42. Rf3 Qxe5 43. Qg1 Kc7 44. Re1 Qd6 45. g5 Bxd3 46. Nxd3 Nxd3 47. Rb1 Ne5 48. Rc3 Rd1 49. Qg2 b5 50. a3 Rxb1+ 51. Kxb1 Qd1+ 52. Rc1 Qd3+ 53. Ka1 Rd6 54. g6 fxg6 55. f7 Nxf7 56. Qh2 1-0

[Event "CCT Play-in Chessable Masters 2024"]
[Site "Online"]
[Date "2024.01.31"]
[Round "9"]
[White "Lupulescu, Constantin"]
[Black "Lysyj, Igor"]
[Result "1/2-1/2"]
[WhiteElo "2589"]
[BlackElo "2589"]
[Annotator "RC"]
[PlyCount "56"]
[EventDate "2024.01.26"]
[EventType "swiss"]
[EventCountry "NET"]
[SourceTitle "playchess.com"]
[Source "ChessBase"]
[SourceQuality "1"]

1. d4 d5 2. c4 e6 3. Nc3 c5 4. e3 dxc4 5. Bxc4 Nf6 6. Nf3 a6 7. Be2 Nbd7 8. O-O b5 9. dxc5 Bxc5 10. b3 Bb7 11. Bb2 O-O 12. Rc1 Rc8 13. Qd3 Qe7 14. Rfd1 Rfd8 15. Qb1 Ba3 16. h3 Bxb2 17. Qxb2 h6 18. Nb1 Rxc1 19. Rxc1 Rc8 20. Rxc8+ Bxc8 21. b4 Bb7 22. Nbd2 Nd5 23. a3 N5b6 24. Qc3 Qd6 25. Nb3 Bd5 26. Nbd2 Bb7 27. Nb3 Bd5 28. Nbd2 Bb7 1/2-1/2

[Event "CCT Play-in Chessable Masters 2024"]
[Site "Online"]
[Date "2024.01.31"]
[Round "9"]
[White "Aditya Mittal"]
[Black "Yoo, Christopher Woojin"]
[Result "0-1"]
[WhiteElo "2588"]
[BlackElo "2595"]
[Annotator "RC"]
[PlyCount "104"]
[EventDate "2024.01.26"]
[EventType "swiss"]
[EventCountry "NET"]
[SourceTitle "playchess.com"]
[Source "ChessBase"]
[SourceQuality "1"]

1. d4 Nf6 2. c4 e6 3. Nc3 Bb4 4. Nf3 O-O 5. Bg5 d5 6. e3 h6 7. Bh4 Nbd7 8. Rc1 c5 9. cxd5 exd5 10. dxc5 Qa5 11. Bd3 Ne4 12. O-O Bxc3 13. bxc3 Ndxc5 14. Bb1 Be6 15. Qd4 Na4 16. c4 Nac3 17. Rfe1 Nxb1 18. Rxb1 Qxa2 19. c5 Rfc8 20. Be7 Qxf2+ 21. Kh1 Bh3 22. Rg1 Qxf3 23. Qxg7+ Kxg7 24. gxf3+ Ng5 25. Rxb7 Kh7 26. Rg3 Bf5 27. h4 Ne6 28. Bf6 Bg6 29. f4 Rcb8 30. Re7 Rb1+ 31. Kh2 Rf8 32. h5 Be4 33. Rg1 Rb2+ 34. Kh3 Bf5+ 35. Kh4 Rh2+ 36. Kg3 Rxh5 37. Kf3 Rh3+ 38. Kf2 Rh2+ 39. Ke1 h5 40. c6 Rc2 41. Rxa7 Rxc6 42. Kf2 Rc2+ 43. Ke1 Rc1+ 44. Kf2 Rxg1 45. Kxg1 Kg6 46. Be5 f6 47. Bd6 Rc8 48. Ra6 Rc1+ 49. Kf2 h4 50. Ba3 Ra1 51. Ra8 h3 52. Rg8+ Kf7 0-1

[Event "CCT Play-in Chessable Masters 2024"]
[Site "Online"]
[Date "2024.01.31"]
[Round "9"]
[White "Neiksans, Arturs"]
[Black "Vasquez Schroeder, Rodrigo"]
[Result "0-1"]
[WhiteElo "2588"]
[BlackElo "2475"]
[Annotator "RC"]
[PlyCount "126"]
[EventDate "2024.01.26"]
[EventType "swiss"]
[EventCountry "NET"]
[SourceTitle "playchess.com"]
[Source "ChessBase"]
[SourceQuality "1"]

1. e4 c5 2. Nf3 d6 3. Bb5+ Nc6 4. O-O Bd7 5. Re1 Nf6 6. c3 a6 7. Bf1 Bg4 8. d4 cxd4 9. cxd4 d5 10. e5 Nd7 11. e6 fxe6 12. Be2 Bxf3 13. Bxf3 Nf6 14. Rxe6 Qd7 15. Re1 e6 16. Bg5 Bb4 17. Nc3 O-O 18. Qd3 Rae8 19. Rad1 Qf7 20. Bf4 Nh5 21. Bg3 Nxg3 22. hxg3 Kh8 23. Re3 Ba5 24. Na4 Re7 25. a3 Bc7 26. Qb3 Bd6 27. Nc3 Qf6 28. Ne2 Na5 29. Qc2 Nc4 30. Rc3 Ref7 31. Rxc4 dxc4 32. Qxc4 Rc7 33. Qb3 e5 34. Nc3 exd4 35. Nd5 Qe6 36. Qb6 Rc2 37. Nf4 Qf6 38. Nd3 Qe7 39. Qxb7 Qxb7 40. Bxb7 a5 41. Bd5 Rb8 42. g4 g6 43. g3 Rb5 44. Be4 Re2 45. Bf3 Re7 46. Kg2 Rb6 47. Bd5 Rb5 48. Bf3 Kg7 49. Rd2 Re8 50. Bc6 Reb8 51. Bxb5 Rxb5 52. b4 axb4 53. axb4 Kf6 54. Re2 Rd5 55. f4 h5 56. gxh5 Rxh5 57. Rb2 Ke6 58. Kf3 Kd5 59. Rc2 Rh1 60. b5 Rf1+ 61. Ke2 Rg1 62. Kf2 Rd1 63. Nb4+ Bxb4 0-1

[Event "CCT Play-in Chessable Masters 2024"]
[Site "Online"]
[Date "2024.01.31"]
[Round "9"]
[White "Kovalev, Vladislav"]
[Black "ViIIagra"]
[Result "1/2-1/2"]
[WhiteElo "2579"]
[BlackElo "2584"]
[Annotator "RC"]
[PlyCount "85"]
[EventDate "2024.01.26"]
[EventType "swiss"]
[EventCountry "NET"]
[SourceTitle "playchess.com"]
[Source "ChessBase"]
[SourceQuality "1"]

1. e4 c5 2. Nf3 Nc6 3. d4 cxd4 4. Nxd4 g6 5. c4 Bg7 6. Be3 Qb6 7. Nb5 Qa5+ 8. N1c3 Nf6 9. Qa4 Qxa4 10. Nxa4 O-O 11. f3 b6 12. Nac3 d6 13. Be2 Be6 14. O-O Rfc8 15. Rac1 Nd7 16. Rfd1 a6 17. Na3 Nb4 18. Bd4 Rab8 19. Bxg7 Kxg7 20. b3 Rc5 21. Nc2 Nxc2 22. Rxc2 Rbc8 23. Rdc1 f5 24. Kf2 f4 25. Ke1 g5 26. Kd2 Ne5 27. Nd5 Bxd5 28. cxd5 a5 29. a3 Kf7 30. Ba6 Rxc2+ 31. Rxc2 Rxc2+ 32. Kxc2 g4 33. fxg4 Nxg4 34. Be2 Ne5 35. Kc3 Ke8 36. b4 axb4+ 37. Kxb4 Kd7 38. Kb5 Kc7 39. Kb4 Kb7 40. Kc3 Kc7 41. Kb4 Kb7 42. Kc3 Kc7 43. Kb4 1/2-1/2

[Event "CCT Play-in Chessable Masters 2024"]
[Site "Online"]
[Date "2024.01.31"]
[Round "9"]
[White "Akobian, Varuzhan"]
[Black "Le, Quang Liem"]
[Result "1-0"]
[WhiteElo "2571"]
[BlackElo "2731"]
[Annotator "TA"]
[PlyCount "81"]
[EventDate "2024.01.26"]
[EventType "swiss"]
[EventCountry "NET"]
[SourceTitle "playchess.com"]
[Source "ChessBase"]
[SourceQuality "1"]

1. d4 Nf6 2. c4 e6 3. Nf3 d5 4. cxd5 exd5 5. Nc3 c6 6. Qc2 Na6 7. a3 Nc7 8. Bg5 g6 9. e3 Bf5 10. Bd3 Bxd3 11. Qxd3 Be7 12. O-O O-O 13. h3 Ne4 14. Bxe7 Qxe7 15. Qc2 Nd6 16. Ne5 Rfe8 17. b4 a5 18. Rab1 f6 19. Nd3 Nc4 20. Ra1 b5 21. Nc5 Ne6 22. Nxe6 Qxe6 23. Ne2 Qd6 24. Qc3 Ra7 25. Nf4 g5 26. Nd3 a4 27. Rfe1 Rae7 28. Rac1 f5 29. Ne5 f4 30. exf4 gxf4 31. Re2 f3 32. Qxf3 Nxe5 33. dxe5 Rxe5 34. Qg3+ Kh8 35. Kh2 d4 36. Rxe5 Qxe5 37. Rxc6 Qxg3+ 38. Kxg3 Rd8 39. Rc2 Kg7 40. Kf4 Kf6 41. Ke4 1-0

[Event "CCT Play-in Chessable Masters 2024"]
[Site "Online"]
[Date "2024.01.31"]
[Round "9"]
[White "Le, Tuan Minh"]
[Black "frederiksvane"]
[Result "1-0"]
[WhiteElo "2567"]
[BlackElo "2592"]
[Annotator "RC"]
[PlyCount "119"]
[EventDate "2024.01.26"]
[EventType "swiss"]
[EventCountry "NET"]
[SourceTitle "playchess.com"]
[Source "ChessBase"]
[SourceQuality "1"]

1. d4 Nf6 2. c4 e6 3. Nf3 b6 4. a3 Bb7 5. Nc3 Ne4 6. Nxe4 Bxe4 7. Bf4 d6 8. Nd2 Bb7 9. e4 Nd7 10. Be3 g6 11. Bd3 Bg7 12. O-O O-O 13. Rc1 e5 14. d5 f5 15. f3 f4 16. Bf2 g5 17. b4 Nf6 18. c5 Bc8 19. cxd6 cxd6 20. Rc6 Rf7 21. Qc2 Bf8 22. Rc1 Bd7 23. Nc4 Ne8 24. a4 Rg7 25. Kh1 g4 26. fxg4 Qg5 27. a5 Qxg4 28. Bf1 b5 29. Nd2 Qg6 30. a6 Kh8 31. Nf3 Nf6 32. Re1 Bxc6 33. dxc6 Ng4 34. Bg1 d5 35. Nh4 Qf6 36. Nf5 Rf7 37. h3 h5 38. exd5 Qxf5 39. Qxf5 Rxf5 40. Bd3 Nh6 41. Bc5 Rf6 42. Rxe5 Bxc5 43. bxc5 Nf7 44. Rxh5+ Kg8 45. Bxb5 f3 46. gxf3 Rb8 47. d6 Rxb5 48. c7 Nxd6 49. cxd6 Rb1+ 50. Kg2 Rc1 51. d7 Rg6+ 52. Kf2 Rc2+ 53. Ke3 Re6+ 54. Kf4 Rc4+ 55. Kf5 Kf7 56. Rh7+ Kg8 57. d8=Q+ Kxh7 58. Kxe6 Rc6+ 59. Kd5 Rd6+ 60. Kxd6 1-0

[Event "CCT Play-in Chessable Masters 2024"]
[Site "Online"]
[Date "2024.01.31"]
[Round "9"]
[White "Sanal, Vahap"]
[Black "Banusz, Tamas"]
[Result "1-0"]
[WhiteElo "2567"]
[BlackElo "2621"]
[Annotator "RC"]
[PlyCount "89"]
[EventDate "2024.01.26"]
[EventType "swiss"]
[EventCountry "NET"]
[SourceTitle "playchess.com"]
[Source "ChessBase"]
[SourceQuality "1"]

1. e4 e5 2. Nf3 d6 3. Nc3 Nf6 4. d4 exd4 5. Nxd4 Be7 6. Bc4 O-O 7. O-O Nxe4 8. Nxe4 d5 9. Bd3 dxe4 10. Bxe4 c6 11. Re1 Bf6 12. Be3 Na6 13. c3 Nc5 14. Bxh7+ Kxh7 15. Qh5+ Kg8 16. Qxc5 Re8 17. h3 Re5 18. Qc4 Rd5 19. Nf3 Be6 20. Qe4 c5 21. c4 Rd7 22. Ne5 Bxe5 23. Qxe5 b6 24. b3 Rd3 25. Qe4 Rc8 26. h4 Qd7 27. h5 Bf5 28. Qf4 Re8 29. h6 Re4 30. Qb8+ Kh7 31. hxg7 Kxg7 32. Bh6+ Kg6 33. Bf4 Qd4 34. Be5 Qd8 35. Qxa7 f6 36. Bc7 Qd4 37. Qxb6 Rd2 38. Bg3 Ree2 39. Rf1 Re8 40. Rae1 Rh8 41. Qc7 Qg4 42. Re7 Bd7 43. f3 Qf5 44. Qf4 Qh5 45. Qxd2 1-0

[Event "CCT Play-in Chessable Masters 2024"]
[Site "Online"]
[Date "2024.01.31"]
[Round "9"]
[White "Lazavik, Denis"]
[Black "Matlakov, Maxim"]
[Result "1-0"]
[WhiteElo "2566"]
[BlackElo "2662"]
[Annotator "ChessBase"]
[PlyCount "95"]
[EventDate "2024.01.26"]
[EventType "swiss"]
[EventCountry "NET"]
[SourceTitle "playchess.com"]
[Source "ChessBase"]
[SourceQuality "1"]

1. d4 Nf6 2. c4 e6 3. Nf3 d5 4. g3 Be7 5. Bg2 O-O 6. O-O dxc4 7. Qc2 a6 8. a4 h6 9. Rd1 Nc6 10. e3 Nb4 11. Qxc4 b5 12. Qe2 Bb7 13. Nc3 Nbd5 14. Bd2 b4 15. Nxd5 Bxd5 16. Ne5 Bxg2 17. Kxg2 Qd5+ 18. f3 c5 19. e4 Qb7 20. dxc5 Bxc5 21. Rac1 Rac8 22. Nd3 Be7 23. b3 Nd7 24. Rxc8 Rxc8 25. Rc1 a5 26. Qd1 Bf6 27. Rxc8+ Qxc8 28. Be3 Qc3 29. Bf2 Bd4 30. Be1 Qa1 31. Qxa1 Bxa1 32. Bf2 Kf8 33. Nc5 Ne5 34. Nb7 Ke8 35. Nxa5 Kd7 36. f4 Nd3 37. Be3 Bc3 38. Kf1 f5 39. exf5 exf5 40. Ke2 Ne1 41. Bf2 Nc2 42. Kd3 Na1 43. Bd4 Bxd4 44. Kxd4 Nc2+ 45. Kc5 g5 46. Nc6 Ne3 47. a5 Kc8 48. a6 1-0

[Event "CCT Play-in Chessable Masters 2024"]
[Site "Online"]
[Date "2024.01.31"]
[Round "9"]
[White "Muradli, Mahammad"]
[Black "Zohid6"]
[Result "1-0"]
[WhiteElo "2555"]
[BlackElo "2693"]
[Annotator "TA"]
[PlyCount "69"]
[EventDate "2024.01.26"]
[EventType "swiss"]
[EventCountry "NET"]
[SourceTitle "playchess.com"]
[Source "ChessBase"]
[SourceQuality "1"]

1. e4 e5 2. Nf3 Nf6 3. Nxe5 d6 4. Nf3 Nxe4 5. Nc3 Nxc3 6. dxc3 Be7 7. Bd3 O-O 8. Be3 Nd7 9. Qe2 Nc5 10. Bxc5 dxc5 11. O-O-O Bd6 12. h4 Qf6 13. Kb1 Bf5 14. Rhe1 h6 15. Bxf5 Qxf5 16. Nd2 Rad8 17. Ne4 Be7 18. Rxd8 Rxd8 19. h5 Bf8 20. a4 a6 21. g4 Qf4 22. Ng3 Rd2 23. Qe8 Qxf2 24. Rf1 Rd8 25. Qxd8 Qxg3 26. Qd7 f6 27. Qe6+ Kh7 28. Re1 Qf2 29. Qe4+ Kh8 30. Qe8 Kh7 31. b3 c4 32. b4 b6 33. Qg6+ Kg8 34. Re8 Qf4 35. Qf5 1-0